Technology and language testing : a collection of papers from the Senenth Annual Language Testing Research Colloquium,held at Educational Testing Service, Princeton, New Jersey, april 6-9, 1985
Αποθηκεύτηκε σε:
| Συλλογικό Έργο: | , |
|---|---|
| Άλλοι συγγραφείς: | |
| Μορφή: | Πρακτικό Συνεδρίου Βιβλίο |
| Γλώσσα: | English |
| Δημοσίευση: |
Washington :
Teachers of English to Speakers of Others languages,
c1986
|
| Θέματα: | |
| Ετικέτες: |
Προσθήκη ετικέτας
Δεν υπάρχουν, Καταχωρήστε ετικέτα πρώτοι!
|
MARC
| LEADER | 00000cam a2200000 i 4500 | ||
|---|---|---|---|
| 001 | 1/56062 | ||
| 008 | 941103s1986 eng d | ||
| 020 | |a 0-939-79108-0 | ||
| 035 | |a 1992 |l 10045458 | ||
| 040 | |a GR-MY-UA |b gre |e aacr | ||
| 041 | 0 | |a eng | |
| 082 | 0 | |a 418.0076 | |
| 111 | 2 | |a Language Testing Research Colloquium |n (7th : |c 1985 : |d Educational Testing Service) | |
| 245 | 1 | 0 | |a Technology and language testing : |b a collection of papers from the Senenth Annual Language Testing Research Colloquium,held at Educational Testing Service, Princeton, New Jersey, april 6-9, 1985 / |c edited by Charles W. Stansfield |
| 260 | |a Washington : |b Teachers of English to Speakers of Others languages, |c c1986 | ||
| 300 | |a 188 p.; |c 23 cm. | ||
| 500 | |a Includes bibliographies | ||
| 650 | 0 | 0 | |a Language and languages |x Ability testing |x Congresses. |
| 650 | 0 | 0 | |a Language and languages |x Computer-assisted instruction |x Congresses. |
| 700 | 1 | |a Stansfield, Charles W. |e edt | |
| 710 | 2 | |a Teachers of English to Speakers of Other Languages. | |
| 852 | |a INST |b SAMOS |e 19941103 |h 418.0076 LAN |p 005300003416 |q 005300003416 |t BK |y 0 | ||
| 909 | |a Σ |b 023812 | ||